| 000 | 00531nam a2200169Ia 4500 | ||
|---|---|---|---|
| 003 | GCL | ||
| 008 | 140319s9999 xx 000 0 ara d | ||
| 040 |
_aGCL / _cGCL |
||
| 082 | 0 | 4 |
_a229.5 _bح ف |
| 100 | 1 | _aابى الحسن بن عبدالله البكرى | |
| 245 | 1 | 0 |
_aفنوح اليمع المعروف برأس الغول / _cابى الحسن بن عبدالله البكرى |
| 300 | _a207 ص | ||
| 490 |
_aكتاب _v0 |
||
| 650 | 0 | 4 | _aالادب العربى |
| 650 | 0 | 4 | _aالقصص الدينية |
| 942 |
_2ddc _cBK |
||
| 999 |
_c42558 _d42558 |
||